00673nam a2200181Ia 4500952016200000999001700162003000400179005001700183008004100200020001800241040000900259082002200268100002800290245006100318260005300379300000900432942005000441 00102ddc40708POLITICAL SCIENCEaMESbMEScISLd2019-02-20g200.00l2m1o320.550924 KHA/Pp38815r2025-02-11 12:53:26s2025-01-30w2019-02-20yBKzGL47R1 c23465d23465OSt20200519115928.0190216s9999||||xx |||||||||||||| ||und|| a9788174352248 coclc a320.550924bKHA/P aKhan, Qamaruddin 92428 4aThe Political Thought Of Ibn Taymiyah /cQamaruddin Khan bAdam Publishers&Distributors,c2007.aNew Delhi: a215p cBK2ddch320.550924iKHA/Pk320.550924mKHA/P